[Event "MNT-chT"]
[Site "Ulcinj"]
[Date "2014.09.22"]
[Round "3.6"]
[White "Draskovic, Davor"]
[Black "Jakic, Vidan"]
[Result "1-0"]
[WhiteElo "1902"]
[BlackElo "2117"]
[PlyCount "73"]
[EventDate "2014.09.20"]
[EventType "team-tourn"]
[EventRounds "9"]
[EventCountry "MNE"]
[SourceTitle "CBM 162 Extra"]
[Source "ChessBase"]
[SourceDate "2014.10.17"]
[SourceVersion "1"]
[SourceVersionDate "2014.10.17"]
[SourceQuality "1"]
[WhiteTeam "Rumija"]
[BlackTeam "Rudar"]
[WhiteTeamCountry "MNE"]
[BlackTeamCountry "MNE"]

1. e4 d6 2. d4 Nf6 3. Nc3 g6 4. Nf3 Bg7 5. h3 0-0 6. Be3 c6 7. Bd3 Nbd7 8. 0-0 e5 9. Qd2 Re8 10. dxe5 dxe5 11. a4 Qe7 12. Bc4 Nc5 13. Ng5 Ne6 14. Nxe6 Bxe6 15. Bxe6 Qxe6 16. Rfd1 Bf8 17. f3 Bb4 18. Qf2 Nd7 19. Rd3 b6 20. Ne2 Be7 21. b3 Nc5 22. Rd2 f5 23. exf5 gxf5 24. Qg3+ Kh8 25. Bxc5 Bxc5+ 26. Kh1 Rg8 27. Qh2 Rg7 28. Rad1 Rag8 29. Rd8 f4 30. Rxg8+ Rxg8 31. Nc3 Bd4 32. Ne4 b5 33. axb5 cxb5 34. Rxd4 exd4 35. Qxf4 Re8 36. Ng5 Qe3 37. Qf6+ 1-0

[Event "MNT-chT"]
[Site "Cetinje"]
[Date "2010.07.28"]
[Round "5"]
[White "Bukvic, Mihailo"]
[Black "Jakic, Vidan"]
[Result "0-1"]
[WhiteElo "2178"]
[BlackElo "2123"]
[PlyCount "92"]
[EventDate "2010.07.24"]
[EventType "team-swiss"]
[EventRounds "9"]
[EventCountry "MNE"]
[SourceTitle "CBM 137 Extra"]
[Source "ChessBase"]
[SourceDate "2010.09.01"]
[SourceVersion "1"]
[SourceVersionDate "2010.09.01"]
[SourceQuality "1"]

1. e4 c5 2. Nf3 Nc6 3. d4 cxd4 4. Nxd4 Nf6 5. Nc3 e5 6. Ndb5 a6 7. Nd6+ Bxd6 8. Qxd6 Qe7 9. Qxe7+ Nxe7 10. Bg5 b5 11. f3 Bb7 12. 0-0-0 h6 13. Bh4 0-0-0 14. Bxf6 gxf6 15. Rd6 f5 16. exf5 Kc7 17. Rd2 Nxf5 18. Nd5+ Bxd5 19. Rxd5 d6 20. Rd2 d5 21. Bd3 Nd6 22. Re1 Rhe8 23. g4 Re6 24. Bf5 Nxf5 25. gxf5 Re7 26. Rde2 Kd6 27. Rg2 Rc8 28. Rg7 Rc4 29. f6 Rec7 30. c3 Rf4 31. Rg8 Rxf3 32. Rd8+ Rd7 33. Ra8 e4 34. Rxa6+ Ke5 35. Rb6 Rxf6 36. Rxb5 Rc6 37. a4 f5 38. Rb8 f4 39. Kd2 Rg7 40. Re8+ Re6 41. Rxe6+ Kxe6 42. Re2 Ke5 43. a5 f3 44. Re1 Kf4 45. a6 Rg2+ 46. Kc1 Rg6 0-1

[Event "MNT-chT"]
[Site "Cetinje"]
[Date "2009.08.26"]
[Round "6.4"]
[White "Jakic, Vidan"]
[Black "Bujisic, Vlastimir"]
[Result "0-1"]
[WhiteElo "2146"]
[BlackElo "2249"]
[PlyCount "106"]
[EventDate "2009.08.21"]
[EventType "team-tourn"]
[EventRounds "7"]
[EventCountry "MNE"]
[SourceTitle "CBM 131 Extra"]
[Source "ChessBase"]
[SourceDate "2009.09.03"]
[SourceVersion "2"]
[SourceVersionDate "2009.09.16"]
[SourceQuality "1"]

1. e4 e5 2. Bc4 Nf6 3. d3 d6 4. Nf3 Be7 5. h3 c6 6. 0-0 0-0 7. Re1 Nbd7 8. c3 Qc7 9. Bb3 d5 10. Nbd2 Nc5 11. Bc2 dxe4 12. dxe4 Rd8 13. Qe2 b6 14. Nc4 Nfd7 15. Ne3 Ba6 16. c4 Ne6 17. Nf5 Bf8 18. Ng5 Nxg5 19. Bxg5 f6 20. Be3 Nc5 21. Bxc5 Bxc5 22. a3 g6 23. Ng3 Bd4 24. Bb3 Kh8 25. Rac1 Qe7 26. Ba2 Rd7 27. Rc2 Rad8 28. b4 Bc8 29. c5 bxc5 30. bxc5 Bxc5 31. Qf3 Rd3 32. Qe2 Rxg3 33. Rec1 Bd4 34. Rxc6 Bd7 35. Rc7 Rxa3 36. Bd5 Qd6 37. Qd2 Bb6 38. Rb7 Ra5 39. Qh6 Rc5 40. Rd1 Rc7 41. Rxc7 Qxc7 42. Bf7 Ba4 43. Rxd8+ Qxd8 44. Bxg6 Qe7 45. Bf5 Bb3 46. g4 Bg8 47. h4 Bd8 48. Qd2 a5 49. Qc2 Qc7 50. Qa4 Kg7 51. Kg2 Bf7 52. Bd7 Qc4 53. Qd1 Qxe4+ 0-1

[Event "EU-ch 10th"]
[Site "Budva"]
[Date "2009.03.16"]
[Round "10"]
[White "Veleski, Robert"]
[Black "Jakic, Vidan"]
[Result "1-0"]
[WhiteElo "2269"]
[BlackElo "2154"]
[PlyCount "101"]
[EventDate "2009.03.06"]
[EventType "swiss"]
[EventRounds "11"]
[EventCountry "MNE"]
[SourceTitle "CBM 130"]
[Source "ChessBase"]
[SourceDate "2009.05.20"]
[SourceVersion "1"]
[SourceVersionDate "2009.05.20"]
[SourceQuality "1"]

1. e4 c5 2. b3 Nc6 3. Bb2 d6 4. Bc4 Nf6 5. Nc3 a6 6. a4 e6 7. Nf3 d5 8. Bd3 d4 9. Na2 e5 10. h3 h6 11. Bc4 Bd6 12. d3 0-0 13. g4 b5 14. axb5 axb5 15. Bxb5 Na5 16. Nc1 Rb8 17. Ba4 c4 18. Qe2 cxb3 19. cxb3 Be6 20. Nd2 Bb4 21. Ba3 Bxa3 22. Rxa3 Qd6 23. Ra1 Qb4 24. 0-0 Rfc8 25. Nc4 Nxc4 26. dxc4 Ra8 27. Nd3 Qb8 28. Bb5 Rxa1 29. Rxa1 Bd7 30. Ra5 Qc7 31. Bxd7 Nxd7 32. Qa2 Re8 33. Ra7 Qd8 34. Qa4 Nf6 35. f3 h5 36. Qa5 Qb8 37. Qc7 Qxc7 38. Rxc7 Nh7 39. Ra7 Ng5 40. Kg2 h4 41. c5 Ne6 42. b4 Rb8 43. c6 Rb6 44. c7 Nxc7 45. Rxc7 f6 46. Kf2 Ra6 47. Rc2 Kf7 48. b5 Rb6 49. Rc7+ Kg6 50. Rc5 Rb8 51. Ke2 1-0

[Event "EU-ch 10th"]
[Site "Budva"]
[Date "2009.03.15"]
[Round "9"]
[White "Jakic, Vidan"]
[Black "Malureanu, Costin George"]
[Result "1-0"]
[WhiteElo "2154"]
[BlackElo "2013"]
[PlyCount "117"]
[EventDate "2009.03.06"]
[EventType "swiss"]
[EventRounds "11"]
[EventCountry "MNE"]
[SourceTitle "CBM 130"]
[Source "ChessBase"]
[SourceDate "2009.05.20"]
[SourceVersion "1"]
[SourceVersionDate "2009.05.20"]
[SourceQuality "1"]

1. e4 d6 2. d4 Nf6 3. Nc3 g6 4. f4 Bg7 5. Nf3 0-0 6. Bd3 Na6 7. Be3 c5 8. dxc5 Nxc5 9. Bxc5 dxc5 10. e5 Nd5 11. Nxd5 Qxd5 12. Qe2 Bf5 13. Bxf5 gxf5 14. 0-0 Qc6 15. a4 Rad8 16. Rfe1 a6 17. a5 e6 18. c3 Rd7 19. Nd2 Rfd8 20. Nc4 Bf8 21. Rad1 Rxd1 22. Rxd1 Rxd1+ 23. Qxd1 Qe4 24. Qf1 Be7 25. g3 Kg7 26. Kf2 Kg8 27. Qe2 Qh1 28. Ke3 Qg1+ 29. Kd2 Kg7 30. Kc2 Qh1 31. Qd2 Qe4+ 32. Kb3 Qc6 33. Ka3 Qb5 34. b3 Qc6 35. Kb2 Qh1 36. Nd6 Qf3 37. Nc4 Qh1 38. Qe2 Kf8 39. Kc2 Qd5 40. Nd2 Qd8 41. Nc4 Qd5 42. Nd2 Qd8 43. Qf3 Qxa5 44. Qxb7 Qa1 45. Qc8+ Kg7 46. Qd7 Bf8 47. g4 Qa2+ 48. Kd3 fxg4 49. f5 Qa5 50. fxe6 Qb5+ 51. c4 Qxd7+ 52. exd7 Be7 53. Ne4 Kf8 54. Nxc5 Bd8 55. Nxa6 Ke7 56. Nb4 Kxd7 57. Nd5 Ke6 58. Ke4 Bg5 59. Nf4+ 1-0

[Event "EU-ch 10th"]
[Site "Budva"]
[Date "2009.03.14"]
[Round "8"]
[White "Brajovic, Radovan"]
[Black "Jakic, Vidan"]
[Result "1-0"]
[WhiteElo "2275"]
[BlackElo "2154"]
[PlyCount "81"]
[EventDate "2009.03.06"]
[EventType "swiss"]
[EventRounds "11"]
[EventCountry "MNE"]
[SourceTitle "CBM 130"]
[Source "ChessBase"]
[SourceDate "2009.05.20"]
[SourceVersion "1"]
[SourceVersionDate "2009.05.20"]
[SourceQuality "1"]

1. e4 d6 2. d4 Nf6 3. Nc3 g6 4. f4 Bg7 5. Nf3 0-0 6. Be3 Bg4 7. h3 Bxf3 8. Qxf3 c6 9. Bd3 e5 10. dxe5 dxe5 11. f5 gxf5 12. Qxf5 Ne8 13. 0-0 Qe7 14. Rad1 Nd7 15. Bc4 Rd8 16. Bb3 Bf6 17. Bh6 Bg7 18. Be3 Bf6 19. Rd3 Ng7 20. Qf3 Bg5 21. Bxa7 Kh8 22. Rfd1 f5 23. exf5 Nxf5 24. Qe2 Bf4 25. Bf2 Nf6 26. Ne4 Rxd3 27. Qxd3 Nd4 28. c3 Nxb3 29. axb3 Nxe4 30. Qxe4 Bh2+ 31. Kxh2 Rxf2 32. Qg4 Rf8 33. Rd7 Qf6 34. Qe4 Rf7 35. Rxf7 Qxf7 36. Qxe5+ Kg8 37. b4 b5 38. h4 h6 39. Qd6 Qh5 40. Qe6+ Kg7 41. Kh3 1-0

[Event "SRB-chT2 West"]
[Site "Serbia"]
[Date "2008.10.12"]
[Round "5.6"]
[White "Jakic, Vidan"]
[Black "Andonov, Bogomil"]
[Result "1-0"]
[WhiteElo "2109"]
[BlackElo "2326"]
[PlyCount "58"]
[EventDate "2008.09.14"]
[EventType "team"]
[EventRounds "11"]
[EventCountry "SRB"]
[SourceTitle "EXT 2012"]
[Source "ChessBase"]
[SourceDate "2011.11.24"]
[SourceVersion "1"]
[SourceVersionDate "2011.11.24"]
[SourceQuality "1"]

1. e4 c5 2. Nf3 Nc6 3. d4 cxd4 4. Nxd4 Qc7 5. Nc3 e6 6. g3 a6 7. Bg2 Nf6 8. 0-0 h6 9. Nxc6 dxc6 10. Be3 e5 11. Na4 Nd7 12. c4 b5 13. cxb5 cxb5 14. Nc3 Bc5 15. Bxc5 Nxc5 16. Rc1 Qa7 17. Qd6 Ne6 18. Qc6+ Bd7 19. Qd6 Qb7 20. Qb4 Qb8 21. Nd5 f6 22. Bh3 Kf7 23. Rfd1 Ra7 24. Bxe6+ Bxe6 25. Qa5 Qd8 26. Qd2 h5 27. h4 Rb7 28. b3 Qd7 29. Kg2 Kg6 1-0

[Event "Bar Sozina op"]
[Site "Bar"]
[Date "2006.03.20"]
[Round "3"]
[White "Jakic, Vidan"]
[Black "Brajovic, Radovan"]
[Result "0-1"]
[WhiteElo "2100"]
[BlackElo "2274"]
[PlyCount "64"]
[EventDate "2006.03.18"]
[EventType "swiss"]
[EventRounds "9"]
[EventCountry "YUG"]
[SourceTitle "CBM 111 Extra"]
[Source "ChessBase"]
[SourceDate "2006.05.09"]
[SourceVersion "1"]
[SourceVersionDate "2006.05.09"]
[SourceQuality "1"]

1. e4 c5 2. Nf3 e6 3. d4 cxd4 4. Nxd4 a6 5. Nc3 b5 6. Bd3 Bb7 7. 0-0 d6 8. f4 Nd7 9. Kh1 Ngf6 10. Qe2 Qc7 11. Nb3 Be7 12. a4 b4 13. Nd1 0-0 14. Nf2 e5 15. fxe5 dxe5 16. Bg5 Nc5 17. Bxf6 Bxf6 18. Nxc5 Qxc5 19. Ng4 Be7 20. Bc4 Qd4 21. Rf5 Bc8 22. Rxf7 Rxf7 23. Rf1 Bxg4 24. Bxf7+ Kh8 25. Qxg4 Rf8 26. Qe6 Bc5 27. Qc4 a5 28. b3 Qe3 29. g3 g6 30. Kg2 Kg7 31. Rf3 Qd2+ 32. Kh3 Bg1 0-1

[Event "Bar Sozina op"]
[Site "Bar"]
[Date "2005.03.11"]
[Round "8"]
[White "Jakic, Vidan"]
[Black "Benderac, Srdjan"]
[Result "0-1"]
[WhiteElo "2064"]
[BlackElo "2295"]
[PlyCount "58"]
[EventDate "2005.03.04"]
[EventType "swiss"]
[EventRounds "9"]
[EventCountry "YUG"]
[SourceTitle "CBM 105 Extra"]
[Source "ChessBase"]
[SourceDate "2005.05.01"]
[SourceVersion "1"]
[SourceVersionDate "2005.05.01"]
[SourceQuality "1"]

1. e4 c5 2. Nf3 d6 3. d4 cxd4 4. Nxd4 Nf6 5. Nc3 a6 6. g3 e5 7. Nf3 Nbd7 8. Bg2 b5 9. Bg5 Bb7 10. 0-0 h6 11. Bxf6 Nxf6 12. Re1 b4 13. Nd5 Nxd5 14. exd5 Be7 15. a3 bxa3 16. Rxa3 0-0 17. Nd2 f5 18. c4 Bf6 19. b4 a5 20. b5 Qb6 21. g4 Bh4 22. Rf1 fxg4 23. Qxg4 Bxf2+ 24. Kh1 Be3 25. Ne4 Rxf1+ 26. Bxf1 Rf8 27. Qe6+ Kh8 28. Rd3 Bc8 29. Qe7 Kg8 0-1